Liedtext - Jetzt ist Sommer - Wise Guys - Statistiken

Allgemein
  • Dieses Quiz wurde 45 mal gespielt
  • Das Durchschnittsergebnis liegt bei 379 aus 507
Antwortstatistiken
Antwort % Korrekt
so
100%
für
97%
ist
94%
Sommer
94%
in
91%
Jetzt
91%
man
91%
ob
91%
ich
88%
Ich
88%
oder
88%
und
88%
Und
88%
was
88%
die
85%
egal
85%
Kopf
85%
passiert
85%
schwitzt
85%
das
82%
deinem
82%
der
82%
Der
82%
friert
82%
lacht
82%
Sonne
82%
trotzdem
82%
wenn
82%
Wenn
82%
Wenn's
82%
den
79%
Es
79%
Im
79%
im
79%
mit
79%
'n
79%
Wo
79%
ab
76%
auf
76%
gemacht
76%
hab'
76%
hab
76%
klar
76%
Wir
76%
wir
76%
Dann
73%
ins
73%
mich
73%
mein
70%
seh'
70%
sie
70%
zur
70%
Bad
67%
Café
67%
ein
67%
eine
67%
Liege
67%
meine
67%
schon
67%
uns
67%
Wär
67%
Weil
67%
wird
67%
an
64%
Frau
64%
Pool
64%
Straße
64%
Frauen
61%
gehen
61%
kann
61%
ne
61%
rein
61%
Sand
61%
schönen
61%
Sonnenbrille
61%
cool
58%
hin
58%
immer
58%
Liegewiese
58%
meinem
58%
meiner
58%
nur
58%
ziemlich
58%
Alles
55%
alles
55%
Badewanne
55%
beim
55%
Bikini
55%
Dass
55%
Doch
55%
draus
55%
kalten
55%
lassen
55%
lease
55%
mach
55%
mir
55%
mitten
55%
nichts
55%
Radio
55%
singen
55%
Sommerhit
55%
spielen
55%
steht
55%
Wetter
55%
andere
52%
bin
52%
braten
52%
Cabrio
52%
einer
52%
hat
52%
Krieg'
52%
Nordsee
52%
Säcke
52%
Spaß
52%
Sprung
52%
wegen
52%
weiß
52%
Wetterfee
52%
wieder
52%
daran
48%
dir
48%
erste
48%
ganzen
48%
Garage
48%
geht
48%
Grad
48%
Handtuch
48%
keins
48%
kippen
48%
nehm'
48%
nimmt
48%
Ordnung
48%
sieben
48%
sofort
48%
springt
48%
vergeht
48%
warten
48%
Weile
48%
Wetterlage
48%
Winter
48%
Zuhaus
48%
zwei
48%
am
45%
Anderer
45%
bringt
45%
dieser
45%
eigene
45%
Gewaltfantasien
45%
Hausverbot
45%
liegt
45%
locker
45%
Manchmal
45%
Obwohl
45%
Opfer
45%
sage
45%
Scheiß
45%
schnell
45%
sonst
45%
Traumfrau
45%
Wort
45%
Zocker
45%
zwingt
45%
Aggression
42%
einfach
42%
Fahrrad
42%
Gummiboot
42%
kriegt
42%
sauer
42%
drücke
39%
Fresse
39%
grünen
39%
haut
39%
klaut
39%
Knopf
39%
lieber
39%
Sonnendach
39%
absoluter
36%
aufs
36%
Caipirinha
36%
irgendwer
36%
kleinen
36%
drauf
33%
Liese
33%
mental
33%
Sonnenmilch
30%
Keine übereinstimmenden Quizze gefunden
Verteilung der Resultate
Anzahl Personen mit jedem Resultat
Perzentil nach korrekt beantworteten Fragen
Ihre Resultats-Entwicklung
Sie haben dieses Quiz noch nicht gespielt